Statistics for Birds in the Trap Sing McKnight Tracklist -- Travis Scott

Click here to take the quiz!

General Stats

  • This quiz has been taken 38 times
  • The average score is 12 of 14

Answer Stats

HintAnswer% Correct
ft. Kendrick Lamargoosebumps
100%
ft. Young Thug & Quavopick up the phone
96%
ft. Andre 3000the ends
96%
ft. Kid Cudithrough the late night
96%
ft. Blac Youngstacoordinate
92%
ft. NAVbeibs in the trap
88%
way back
85%
guidance
77%
ft. 21 Savageoutside
77%
sweet sweet
77%
ft. The Weekndwonderful
77%
lose
73%
sdp interlude
73%
ft. Bryson Tillerfirst take
65%

Score Distribution

Percentile by Number Answered

Percent of People with Each Score

Your Score History

You have not taken this quiz